El planeta tierra : Temas /
Guardado en:
| Autor Corporativo: | |
|---|---|
| Formato: | |
| Series: | Audiovisual Combi
|
| Materias: | |
| Etiquetas: |
Agregar Etiqueta
Sin Etiquetas, Sea el primero en etiquetar este registro!
|
| LEADER | 01167ngm a22003495g 4500 | ||
|---|---|---|---|
| 001 | CEM.cems022005 | ||
| 008 | 130507b1993##################0###0#####d | ||
| 005 | 20240930140455.0 | ||
| 245 | 1 | 0 | |a El planeta tierra : |b Temas / |c DIDACO. |
| 300 | |a 32'. | ||
| 490 | 0 | |a Audiovisual Combi | |
| 500 | |a En soporte VHS, consultar en ventanilla. | ||
| 505 | 0 | |a Los desiertos. Energía eólica. Erosión, transporte y sedimentación pluviales. Regiones árticas. Origen del mar. Meteorología. Uranio. Oro. Origen del petróleo. Extracción submarina. Gas natural. Cantera calcárea. Etc. | |
| 538 | |a Soporte: VHS - Norma: Pal N - Color - Grabación DRD 1993 - Hitachi=4522 | ||
| 110 | 2 | |a DIDACO. | |
| 082 | 5 | 5 | |/ NAT |
| 653 | |a NIVEL PRIMARIO | ||
| 653 | |a NIVEL SECUNDARIO. | ||
| 653 | |a GEOLOGIA | ||
| 653 | |a GEOGRAFIA | ||
| 653 | |a PETROLEO | ||
| 653 | |a ENERGIA | ||
| 653 | |a DESIERTOS | ||
| 653 | |a ENERGIA EOLICA | ||
| 653 | |a REGIONES ARTICAS | ||
| 653 | |a MAR | ||
| 653 | |a METEOROLOGIA | ||
| 653 | |a URANIO | ||
| 653 | |a ORO | ||
| 653 | |a GAS | ||
| 653 | |a CANTERA CALCAREA | ||
| 859 | |a CEMS |b BIB. CEMS - Depto. Recursos Didacticos |h 550 |i NAT |k DRD |p 648.12 |t Ej.1 | ||
